Autodesk revit architecture 2016 essentials / (Record no. 25998)

MARC details
000 -LEADER
fixed length control field 01022cam a22002895i 4500
005 - DATE AND TIME OF LATEST TRANSACTION
control field 20240807095320.0
008 - FIXED-LENGTH DATA ELEMENTS--GENERAL INFORMATION
fixed length control field 150520s2015 inu 000 0 eng
010 ## - LIBRARY OF CONGRESS CONTROL NUMBER
LC control number 2015941934
020 ## - INTERNATIONAL STANDARD BOOK NUMBER
ISBN 9781119059882 (pbk. : alk. paper)
040 ## - CATALOGING SOURCE
Original cataloging agency DLC
Language of cataloging eng
Description conventions rda
Transcribing agency DLC
Modifying agency DLC
050 00 - LIBRARY OF CONGRESS CALL NUMBER
Classification number MLCM 2018/46506 (N)
082 ## - DEWEY DECIMAL CLASSIFICATION NUMBER
Classification number 720.284
Item number DUE-A
100 1# - MAIN ENTRY--AUTHOR
Author Name Duell, Ryan,
245 10 - TITLE STATEMENT
Title Autodesk revit architecture 2016 essentials /
Statement of responsibility, etc. Ryan Duell, Tobias Hathorn, Tessa Reist Hathorn.
260 ## - PUBLICATION, DISTRIBUTION, ETC.
Place of Publication USA
Name of publisher, distributor, etc. Sybex
Date of publication, distribution, etc. 2015
300 ## - PHYSICAL DESCRIPTION
Pages xxiii, 375 pages :
336 ## - CONTENT TYPE
Content type term text
Content type code txt
Source rdacontent
337 ## - MEDIA TYPE
Media type term unmediated
Media type code n
Source rdamedia
338 ## - CARRIER TYPE
Carrier type term volume
Carrier type code nc
Source rdacarrier
500 ## - GENERAL NOTE
General note Includes index.
500 ## - GENERAL NOTE
General note Minimal Level Cataloging Plus.
Institution to which field applies DLC
650 #0 - SUBJECT ADDED ENTRY--TOPICAL TERM
Subject / Department Architectural drawing
General subdivision Computer-aided design.
264 #1 - PRODUCTION, PUBLICATION, DISTRIBUTION, MANUFACTURE, AND COPYRIGHT NOTICE
Place of production, publication, distribution, manufacture Indianapolis, IN :
Name of producer, publisher, distributor, manufacturer Sybex, A Wiley Brand
Date of production, publication, distribution, manufacture, or copyright notice [2015]
300 ## - PHYSICAL DESCRIPTION
-- illustartions ;
-- 23 cm
906 ## - LOCAL DATA ELEMENT F, LDF (RLIN)
a 7
b cbc
c orignew
d 4
e epcn
f 20
g y-gencatlg
952 ## - LOCATION AND ITEM INFORMATION (KOHA)
-- 0
-- 0
Holdings
Lost status Damaged status Permanent Location Current Location Shelving Location Date acquired Full Call Number Accession No./Barcode Date last seen item type
    Superior Information Resource Center (SIRC) Superior University- Gold Campus Superior Information Resource Center (SIRC) Superior University- Gold Campus Graphic design 08/24/2023 720.284 DUE-A 2015 19685 08/24/2023 BOOK

Powered by Koha